000 00927nam a2200265 i 4500
001 187650
003 ES-MaACL
005 20250720151928.0
008 171214s2000 sp |||| | spa d
020 _a84-89796-08-4
080 _a32 Martí, José
100 1 _aEstrade, Paul.
_948238
245 1 0 _aJosé Martí :
_blos fundamentos de la democracia en Latinoamérica /
_cPaul Estrade.
260 _aAranjuez (Madrid) :
_bDoce Calles,
_c[2000]
300 _a794 p. ;
_c24 cm.
490 1 _aAntilia
504 _aBibliografía: p. 714 - 739.
600 1 4 _aMartí, José,
_d1853-1895-
_xPensamiento político
_9172014
650 4 _aDemocracia-
_zAmérica Latina
_911565
830 1 _aAntilia
_9225595
852 1 _aES-MaACL
_jA-14148
_9194738
_bR.151296
_cDEPO1
_dOlim: N-7148
_hDonación: Casa de Velázquez
914 _92477
_aCasa de Velázquez
_ednr
942 _2udc
_cMONOGRAFIA
999 _c187650
_d187650